The Physiology of Flowering Plants : (Record no. 3849)

MARC details
000 -LEADER
fixed length control field 00857cam a2200277 a 4500
001 - CONTROL NUMBER
control field 524271
003 - CONTROL NUMBER IDENTIFIER
control field OSt
005 - DATE AND TIME OF LATEST TRANSACTION
control field 20231028094727.0
008 - FIXED-LENGTH DATA ELEMENTS--GENERAL INFORMATION
fixed length control field 860613s1984 enka b 001 0 eng
010 ## - LIBRARY OF CONGRESS CONTROL NUMBER
LC control number 86172208
020 ## - INTERNATIONAL STANDARD BOOK NUMBER
International Standard Book Number 0713128836 (pbk.)
040 ## - CATALOGING SOURCE
Original cataloging agency DLC
Transcribing agency DLC
Modifying agency DLC
050 00 - LIBRARY OF CONGRESS CALL NUMBER
Classification number QK711.2
Item number .S78 1984
082 00 - DEWEY DECIMAL CLASSIFICATION NUMBER
Classification number 582.1 STR 1984
Edition number 19
100 1# - MAIN ENTRY--PERSONAL NAME
Personal name Street, H. E.; Opik, Helgi
9 (RLIN) 8443
245 14 - TITLE STATEMENT
Title The Physiology of Flowering Plants :
Remainder of title their growth and development
250 ## - EDITION STATEMENT
Edition statement 3rd ed.
260 ## - PUBLICATION, DISTRIBUTION, ETC. (IMPRINT)
Place of publication, distribution, etc. London ;
Name of publisher, distributor, etc. E. Arnold,
Date of publication, distribution, etc. 1984.
300 ## - PHYSICAL DESCRIPTION
Extent 279 p. :
Other physical details ill. ;
Dimensions 23 cm.
440 #2 - SERIES STATEMENT/ADDED ENTRY--TITLE
Title A Series of student texts in contemporary biology
9 (RLIN) 8444
504 ## - BIBLIOGRAPHY, ETC. NOTE
Bibliography, etc Includes bibliographies and index.
650 #0 - SUBJECT ADDED ENTRY--TOPICAL TERM
Topical term or geographic name as entry element Plant physiology.
9 (RLIN) 6089
650 #0 - SUBJECT ADDED ENTRY--TOPICAL TERM
Topical term or geographic name as entry element Angiosperms.
9 (RLIN) 8445
906 ## - LOCAL DATA ELEMENT F, LDF (RLIN)
a 7
b cbc
c orignew
d 3
e ncip
f 19
g y-gencatlg
942 ## - ADDED ENTRY ELEMENTS (KOHA)
Source of classification or shelving scheme Dewey Decimal Classification
Koha item type Short Loan
Holdings
Withdrawn status Lost status Source of classification or shelving scheme Damaged status Not for loan Home library Current library Date acquired Source of acquisition Inventory number Total Checkouts Full call number Barcode Date last seen Koha item type
    Dewey Decimal Classification     MUST Main Library MUST Main Library 02/05/2016 Donation 00/13528   582.1 STR 1984 2016-1550 02/05/2016 Short Loan